Školství ve Velké Británii svazek 24

Bibliographic Details
Main Author: Hušek, Miloslav (Author)
Format: Book
Language:Undetermined
PhysicalDescription:76 s.
Published: [ Praha ] Ústav školských informací při minist. školství ČSR 1987
Edition:1. vyd.

MARC

LEADER 00000nam a2200000 a 4500
001 vtls001478985
003 SK-MaSNL
005 20260302073614.0
008 240318s1987 xx 0 und
035 |a SNK000434283 
040 |a SNK  |b slo  |c SNK  |e AACR2 
100 1 |a Hušek, Miloslav  |4 aut  |9 736744 
245 1 0 |a Školství ve Velké Británii  |n svazek 24 
250 |a 1. vyd. 
260 |a [ Praha ]  |b Ústav školských informací při minist. školství ČSR  |c 1987 
300 |a 76 s. 
958 |a OND 
999 |c 1161574  |d 1163504 
952 |t P60, <04>, [BOOK], {604}  |a SNK  |b SNK  |y VYP  |7 0  |p 17A0436217  |o snkIC 107316 D1  |i snkKIP 260/81  |0 0  |1 1  |4 0  |d 2004-07-21  |l 0  |r 2005-01-02 00:00:00  |w 2026-02-24